Il bastardo, ovvero, Gli amori, i travagli e le lacrime di Don Emanuel di Savoia /

Bibliographic Details
Main Author: Lagorio, Gina
Format: Book
Language:Italian
Published: Milano : Rizzoli, 1996.
Series:Scala.

MARC

Tag First Indicator Second Indicator Subfields
LEADER 00000cam a2200000 a 4500
001 in00001320921
005 20151005082811.0
008 960530s1996 it 000 1 ita d
020 |a 8817660221 
035 |a (OCoLC)34892662 
035 |9 AHD5973AM 
040 |a C3L  |c C3L  |d GZM  |d TXA  |d UtOrBLW 
043 |a e-it--- 
045 |a x4x- 
049 |a TXAM 
090 |a PQ4872.A34  |b B28 1996 
100 1 |a Lagorio, Gina. 
245 1 3 |a Il bastardo, ovvero, Gli amori, i travagli e le lacrime di Don Emanuel di Savoia /  |c Gina Lagorio. 
246 3 1 |a Amori, i travagli e le lacrime di Don Emanuel di Savoia 
264 1 |a Milano :  |b Rizzoli,  |c 1996. 
300 |a 335 pages ;  |c 23 cm. 
336 |a text  |b txt  |2 rdacontent 
337 |a unmediated  |b n  |2 rdamedia 
338 |a volume  |b nc  |2 rdacarrier 
490 1 |a La scala 
830 0 |a Scala. 
999 |a MARS 
999 f f |s b1576d94-995d-3a15-9f1f-6de7baed2239  |i 01b3edd0-dfa0-3eb7-9341-01ec2b2467bd  |t 0 
952 f f |p ric  |a Texas A&M University  |b Rellis Campus  |c Joint Library Facility  |d Remote Storage  |t 0  |e PQ4872.A34 B28 1996  |h Library of Congress classification  |i unmediated -- volume  |m A14820555153 
998 f f |a PQ4872.A34 B28 1996  |t 0  |l Remote Storage